[Event "SVK-ch op-B"]
[Site "Banska Stiavnica"]
[Date "2010.07.18"]
[Round "9"]
[White "Nemergut, Matej"]
[Black "Larsson, Christian"]
[Result "0-1"]
[WhiteElo "1781"]
[BlackElo "1998"]
[PlyCount "106"]
[EventDate "2010.07.10"]
[EventType "swiss"]
[EventRounds "9"]
[EventCountry "SVK"]
[SourceTitle "CBM 137 Extra"]
[Source "ChessBase"]
[SourceDate "2010.09.01"]
[SourceVersion "1"]
[SourceVersionDate "2010.09.01"]
[SourceQuality "1"]

1. e4 c5 2. Nf3 Nc6 3. d4 cxd4 4. Nxd4 Qc7 5. Nc3 e6 6. Ndb5 Qb8 7. Be3 Nf6 8. f3 Be7 9. Qd2 a6 10. Nd4 Qc7 11. Be2 Nxd4 12. Qxd4 d6 13. Qb6 Qxb6 14. Bxb6 Bd7 15. 0-0-0 Rc8 16. Rd3 Bc6 17. Rhd1 Nd7 18. Be3 b5 19. a3 a5 20. Na2 0-0 21. Rxd6 Bxd6 22. Rxd6 f5 23. exf5 exf5 24. Bd2 a4 25. Nc3 Rf6 26. Rxf6 Nxf6 27. Nxb5 Rd8 28. Bg5 Kf7 29. Bc4+ Bd5 30. Bxd5+ Rxd5 31. Nc3 Ra5 32. Bxf6 Kxf6 33. Kd2 Ke5 34. Ke3 g5 35. h3 h6 36. g4 Ra8 37. Na2 Rd8 38. Nb4 Rd1 39. Nd3+ Kf6 40. Nc5 Rh1 41. Nd3 Rxh3 42. Nf2 Rh2 43. b4 h5 44. c4 f4+ 45. Ke2 hxg4 46. fxg4 Ke5 47. Kf3 Kd4 48. c5 Rh6 49. Ke2 Re6+ 50. Kd2 Re3 51. Nd1 Rxa3 52. c6 Ra2+ 53. Kc1 Rh2 0-1

[Event "SVK-ch op-B"]
[Site "Banska Stiavnica"]
[Date "2010.07.13"]
[Round "4"]
[White "Larsson, Christian"]
[Black "Zentko, Ladislav"]
[Result "1-0"]
[WhiteElo "1998"]
[BlackElo "1883"]
[PlyCount "115"]
[EventDate "2010.07.10"]
[EventType "swiss"]
[EventRounds "9"]
[EventCountry "SVK"]
[SourceTitle "CBM 137 Extra"]
[Source "ChessBase"]
[SourceDate "2010.09.01"]
[SourceVersion "1"]
[SourceVersionDate "2010.09.01"]
[SourceQuality "1"]

1. e4 e5 2. Nf3 Nc6 3. Bb5 a6 4. Ba4 d6 5. 0-0 Nf6 6. Re1 Be7 7. c3 b5 8. Bc2 0-0 9. h3 Re8 10. d3 Bd7 11. Nbd2 Bf8 12. Nf1 g6 13. Ng3 Bg7 14. Bg5 Qc8 15. Qd2 Nd8 16. d4 Ne6 17. Be3 Nf8 18. Rad1 exd4 19. cxd4 Bc6 20. d5 Bb7 21. Rc1 Qd7 22. Nd4 Rac8 23. Bb1 c5 24. dxc6 Bxc6 25. Nxc6 Rxc6 26. Rxc6 Qxc6 27. Rc1 Qd7 28. Rd1 Rd8 29. Bf4 Ne8 30. Bg5 Rc8 31. Bf4 Rd8 32. Be3 Rc8 33. Bd4 Bxd4 34. Qxd4 Ne6 35. Qd2 Qc6 36. Kh2 Qc5 37. f4 Kg7 38. f5 Nf8 39. Rf1 Qe5 40. Qf2 Nf6 41. Kh1 d5 42. exd5 Nxd5 43. fxg6 fxg6 44. Re1 Qf6 45. Qd2 Nf4 46. Ne4 Qh4 47. Qd4+ Kg8 48. Nf6+ Kf7 49. Qe5 Qxf6 50. Qe4 Kg7 51. Qb7+ Kh6 52. Qxc8 N8e6 53. Qc3 Qg5 54. Be4 Qh4 55. Qe3 g5 56. Bf5 Nd4 57. Bg4 Nde2 58. Rxe2 1-0

[Event "Znojmo op"]
[Site "Znojmo"]
[Date "2006.05.21"]
[Round "9.11"]
[White "Kulovana, Eva"]
[Black "Larsson, Christian"]
[Result "1-0"]
[WhiteElo "2131"]
[BlackElo "1966"]
[PlyCount "65"]
[EventDate "2006.05.14"]
[EventType "swiss"]
[EventRounds "9"]
[EventCountry "CZE"]
[SourceTitle "CBM 112 Extra"]
[Source "ChessBase"]
[SourceDate "2006.07.14"]
[SourceVersion "1"]
[SourceVersionDate "2006.07.14"]
[SourceQuality "1"]

1. e4 e5 2. Nf3 Nc6 3. Bb5 a6 4. Ba4 Nf6 5. 0-0 Be7 6. Re1 b5 7. Bb3 0-0 8. h3 d6 9. c3 Bb7 10. d4 h6 11. Nbd2 Re8 12. Nf1 Bf8 13. Ng3 Na5 14. Bc2 c5 15. d5 Nc4 16. a4 Nb6 17. b3 Qc7 18. Qe2 bxa4 19. bxa4 Reb8 20. a5 Nc8 21. Nd2 Na7 22. Nc4 Nd7 23. Nf5 Nb5 24. Qg4 Kh7 25. Re3 g6 26. Rg3 Qd8 27. f4 Nf6 28. Qf3 exf4 29. Bxf4 gxf5 30. Nb6 Ra7 31. e5 Ne4 32. Bxe4 fxe4 33. Qg4 1-0

[Event "Znojmo op"]
[Site "Znojmo"]
[Date "2006.05.20"]
[Round "8.16"]
[White "Larsson, Christian"]
[Black "Preiser, Henrik"]
[Result "1/2-1/2"]
[WhiteElo "1966"]
[BlackElo "1979"]
[PlyCount "99"]
[EventDate "2006.05.14"]
[EventType "swiss"]
[EventRounds "9"]
[EventCountry "CZE"]
[SourceTitle "CBM 112 Extra"]
[Source "ChessBase"]
[SourceDate "2006.07.14"]
[SourceVersion "1"]
[SourceVersionDate "2006.07.14"]
[SourceQuality "1"]

1. e4 e6 2. d4 d5 3. Nd2 dxe4 4. Nxe4 Nd7 5. Nf3 Ngf6 6. Ng3 c5 7. c3 cxd4 8. Nxd4 Be7 9. Be2 0-0 10. 0-0 Re8 11. Qc2 a6 12. Bd2 Qc7 13. Rad1 Nb6 14. Bf3 Bd7 15. Qb1 Nc4 16. Bc1 Rad8 17. Ne4 e5 18. Nxf6+ Bxf6 19. Ne2 Bc6 20. Be4 Bxe4 21. Qxe4 b5 22. Ng3 Nd6 23. Qg4 Qc4 24. Qxc4 Nxc4 25. Ne4 Be7 26. Nd2 Nxd2 27. Rxd2 Rxd2 28. Bxd2 Rd8 29. Be3 f5 30. Re1 Kf7 31. Kf1 e4 32. Ke2 g5 33. g3 g4 34. h3 h5 35. hxg4 hxg4 36. Rh1 Bf6 37. Rh7+ Ke6 38. Rb7 Rd7 39. Rb6+ Rd6 40. Rb8 Rd8 41. Rb6+ Rd6 42. Rb8 Kd5 43. Rc8 Rc6 44. Rxc6 Kxc6 45. Kd2 a5 46. b3 Kd5 47. Kc2 a4 48. Kd2 axb3 49. axb3 Be5 50. Kc2 1/2-1/2

[Event "Znojmo op"]
[Site "Znojmo"]
[Date "2006.05.14"]
[Round "1.6"]
[White "Jedlicka, Ales"]
[Black "Larsson, Christian"]
[Result "1-0"]
[WhiteElo "2275"]
[BlackElo "1966"]
[PlyCount "109"]
[EventDate "2006.05.14"]
[EventType "swiss"]
[EventRounds "9"]
[EventCountry "CZE"]
[SourceTitle "CBM 112 Extra"]
[Source "ChessBase"]
[SourceDate "2006.07.14"]
[SourceVersion "1"]
[SourceVersionDate "2006.07.14"]
[SourceQuality "1"]

1. d4 Nf6 2. Nf3 d5 3. c4 c6 4. Nc3 e6 5. e3 Nbd7 6. Qc2 Bd6 7. Bd3 0-0 8. 0-0 Qe7 9. b3 Re8 10. Bb2 Ba3 11. Bxa3 Qxa3 12. Ne5 Qd6 13. f4 a6 14. c5 Qc7 15. h3 Nf8 16. g4 Ng6 17. Rf2 Nd7 18. Raf1 Ndf8 19. Rh2 Qe7 20. Na4 Rd8 21. Nb6 Rb8 22. Qf2 f6 23. Nf3 Bd7 24. h4 e5 25. h5 Nh8 26. fxe5 Bxg4 27. exf6 Qxf6 28. Ne5 Qxf2+ 29. Rfxf2 Be6 30. h6 Re8 31. hxg7 Kxg7 32. Rxf8 Rxf8 33. Rxh7+ Kg8 34. Nbd7 Bf5 35. Nxf8 Bxh7 36. Nxh7 Nf7 37. Nf6+ Kg7 38. Nh5+ Kh6 39. Nxf7+ Kxh5 40. Nd6 Kg5 41. Kf2 Kf6 42. Bf5 b6 43. Bd7 bxc5 44. dxc5 Ke5 45. Bxc6 Rf8+ 46. Ke2 Rg8 47. Kd3 Rg2 48. a4 Rb2 49. Nf7+ Ke6 50. Nd8+ Ke5 51. Nf7+ Ke6 52. Ng5+ Kf5 53. Nf3 Rxb3+ 54. Kd4 Rb1 55. Kxd5 1-0